Инновационные формы и технологии в комплексном сопровождении детей с отклонениями в развитии (Запись № 9736492)

Подробности
000 -МАРКЕР
контрольное поле 02404nam0a2200349 i 4500
001 - ИДЕНТИФИКАТОР ЗАПИСИ
контрольное поле RU\NLR\BIBL_A\010407595
005 - ИДЕНТИФИКАТОР ВЕРСИИ
контрольное поле 20260408114615.0
010 ## - МЕЖДУНАРОДНЫЙ СТАНДАРТНЫЙ НОМЕР КНИГИ (ISBN)
Номер (ISBN) 9785000191231
Тираж 100
021 ## - НОМЕР ГОСУДАРСТВЕННОЙ РЕГИСТРАЦИИ
Код страны Российская Федерация
Номер 2014-32522
Номер Листа государственной регистраци 1987
035 ## - ДРУГИЕ СИСТЕМНЫЕ НОМЕРА
Идентификатор записи (NILC)RuMoRGB-007211869
035 ## - ДРУГИЕ СИСТЕМНЫЕ НОМЕРА
Идентификатор записи (NLR Aleph) 010407595
100 ## - ДАННЫЕ ОБЩЕЙ ОБРАБОТКИ
Данные общей обработки 20140620d2013 km y0rusy50 ca
101 0# - ЯЗЫК РЕСУРСА
Язык текста, звукозаписи и т.д. русский
102 ## - СТРАНА ПУБЛИКАЦИИ ИЛИ ПРОИЗВОДСТВА
Страна публикации Российская Федерация
105 ## - ПОЛЕ КОДИРОВАННЫХ ДАННЫХ: ТЕКСТОВЫЕ МАТЕРИАЛЫ, МОНОГРАФИЧЕСКИЕ
Кодированные данные о монографическом текстовом документе a|||z||||01yy
200 1# - ЗАГЛАВИЕ И СВЕДЕНИЯ ОБ ОТВЕТСТВЕННОСТИ
Основное заглавие Инновационные формы и технологии в комплексном сопровождении детей с отклонениями в развитии
Сведения, относящиеся к заглавию материалы Всероссийской научно-практической конференции с международным участием студентов, аспирантов и молодых ученых, Казань, 13-15 ноября 2013 г.
Первые сведения об ответственности [науч. ред.: к. психол. н., доц. А. И. Ахметзянова]
210 ## - ПУБЛИКАЦИЯ, РАСПРОСТРАНЕНИЕ И ДР.
Место издания, распространения и т.д. Казань
Имя издателя, распространителя и т. д. Казанский университет
Дата издания, распространения и т.д. 2013
215 ## - ФИЗИЧЕСКАЯ ХАРАКТЕРИСТИКА
Специфическое обозначение материала и объем 214 с.
Другие сведения о физической характеристике ил.
Размеры 21
300 ## - ОБЩИЕ ПРИМЕЧАНИЯ
Текст примечания В надзаг.: М-во образования и науки Рос. Федерации, Федер. гос. автоном. образоват. учреждение высш. проф. образования "Казан. (Приволж.) федер. ун-т", Ин-т психологии и образования, Каф. спец. психологии и коррекц. педагогики
320 ## - ПРИМЕЧАНИЯ О НАЛИЧИИ В ДОКУМЕНТЕ БИБЛИОГРАФИИ / УКАЗАТЕЛЯ
Текст примечания Библиогр. в конце ст.
606 1# - НАИМЕНОВАНИЕ ТЕМЫ КАК ПРЕДМЕТ
Наименование темы Специальные (коррекционные) образовательные учреждения
Тематический подзаголовок Учебно-воспитательная работа
Системный номер авторитетной/нормативной записи 2605731
Идентификатор авторитетной/нормативной записи RU\NLR\AUTH\661542289
686 1# - ИНДЕКСЫ ДРУГИХ КЛАССИФИКАЦИЙ
Индекс Ч430.13я431
686 1# - ИНДЕКСЫ ДРУГИХ КЛАССИФИКАЦИЙ
Индекс Ч430.122.1я431
702 #1 - ИМЯ ЛИЦА - ВТОРИЧНАЯ ОТВЕТСТВЕННОСТЬ
Начальный элемент ввода Ахметзянова
Часть имени, кроме начального элемента ввода А. И.
Расширение инициалов личного имени Анна Ивановна
Код отношения Редактор
712 02 - НАИМЕНОВАНИЕ ОРГАНИЗАЦИИ - ВТОРИЧНАЯ ОТВЕТСТВЕННОСТЬ
Код отношения Прочие
Начальный элемент ввода Казанский (Приволжский) федеральный университет
Структурное подразделение Институт психологии и образования
-- Кафедра специальной психологии и коррекционной педагогики
Системный номер авторитетной/нормативной записи 411951
Идентификатор авторитетной/нормативной записи RU\NLR\AUTH\880372696
801 #0 - ИСТОЧНИК ЗАПИСИ
Страна Российская Федерация
Организация РГБ
Дата составления 20140429
Правила каталогизации RCR
942 ## - ДОПОЛНИТЕЛЬНЫЕ ЭЛЕМЕНТЫ ЗАПИСИ (АБИС)
Тип экземпляра АБИС Книга
980 ## - КОЛЛЕКЦИЯ
Название коллекции НБР

Нет доступных экземпляров.